Environmental technology in the oil industry

Αποθηκεύτηκε σε:
Λεπτομέρειες βιβλιογραφικής εγγραφής
Άλλοι συγγραφείς: Orszulik, S. T. (Επιμελητής έκδοσης)
Μορφή: Βιβλίο
Γλώσσα:English
Δημοσίευση: Dordrecht : Springer, 2007
Έκδοση:2nd ed.
Θέματα:
Ετικέτες: Προσθήκη ετικέτας
Δεν υπάρχουν, Καταχωρήστε ετικέτα πρώτοι!

MARC

LEADER 00000nam a2200000 i 4500
001 1/76459
008 080303s2008 eng d
020 |a 978-1-4020-5471-6 
035 |l 10095187 
040 |a GR-MY-UA  |b gre  |e aacr 
041 0 |a eng 
082 0 |a 665.53  |2 (22) 
245 1 0 |a Environmental technology in the oil industry /  |c edited by Stefan T. Orszulik 
250 |a 2nd ed. 
260 |a Dordrecht :   |b Springer,   |c 2007 
300 |a 407 σ.;  |b εικ., διαγρ. ;  |c 24 εκ.  
504 |a Ευρετήριο: σ. 397-407 
650 0 0 |a Green technology. 
650 0 0 |a Petroleum products. 
650 0 0 |a Petroleum  |x Environmental aspects. 
700 1 |a Orszulik, S. T.  |4 edt 
852 |a INST  |b LESVOS  |e 20080303  |h 665.53 ENV  |p 005100040618  |q 005100040618  |t BK  |y 0 
901 |a BIBL1-2008-1 
909 |a Λ  |b 144596 
922 |a 1ΕΛΗ  |b 200801  |c ΕΠΕΑΕΚ/ΤΠ  |d ΠΑΠΑΣΩΤΗΡΙΟΥ 
970 |a ΧΑΤΖΗΜΙΧΑΗΛ  |b ΜΑΡΙΑ  |z 2008/03/03